Science of logic (Record no. 693590)
[ view plain ]
| 000 -LEADER | |
|---|---|
| fixed length control field | 00677nam a2200229Ia 4500 |
| 003 - CONTROL NUMBER IDENTIFIER | |
| control field | OSt |
| 005 - DATE AND TIME OF LATEST TRANSACTION | |
| control field | 20250926141237.0 |
| 008 - FIXED-LENGTH DATA ELEMENTS--GENERAL INFORMATION | |
| fixed length control field | 220926b |||||||| |||| 00| 0 eng d |
| 037 ## - SOURCE OF ACQUISITION | |
| Terms of availability | Reference |
| 040 ## - CATALOGING SOURCE | |
| Original cataloging agency | RTL |
| Transcribing agency | RTL |
| Language of cataloging | eng |
| 041 ## - LANGUAGE CODE | |
| Source of code | eng |
| Language code of text/sound track or separate title | eng |
| 084 ## - COLON CLASSIFICATION NUMBER | |
| Classification number | R17, F9.1 |
| Assigning agency | RTL |
| 100 ## - MAIN ENTRY--PERSONAL NAME | |
| Personal name | Hegel |
| 9 (RLIN) | 373884 |
| 245 #0 - TITLE STATEMENT | |
| Title | Science of logic |
| 260 ## - PUBLICATION, DISTRIBUTION, ETC. | |
| Place of publication, distribution, etc. | London |
| Name of publisher, distributor, etc. | George Allen & Unwin |
| Date of publication, distribution, etc. | 1929 |
| 300 ## - PHYSICAL DESCRIPTION | |
| Extent | 404 p. |
| Dimensions | cm. |
| Other physical details | Includes bibliographical references and index. |
| 490 ## - SERIES STATEMENT | |
| Volume/sequential designation | Vol.1 |
| 700 ## - ADDED ENTRY--PERSONAL NAME | |
| Personal name | JOHNSTON W H |
| 9 (RLIN) | 373885 |
| Relator term | Translator. |
| 700 ## - ADDED ENTRY--PERSONAL NAME | |
| Personal name | STRUTHERS L G Tr. |
| 9 (RLIN) | 373886 |
| 942 ## - ADDED ENTRY ELEMENTS (KOHA) | |
| Classification part | R17, F9/SC |
| Koha item type | Reference |
| Source of classification or shelving scheme | Colon Classification (CC) |
| Suppress in OPAC | No |
| Withdrawn status | Lost status | Source of classification or shelving scheme | Damaged status | Not for loan | Home library | Current library | Date acquired | Serial Enumeration / chronology | Total Checkouts | Full call number | Barcode | Date last seen | Price effective from | Koha item type |
|---|---|---|---|---|---|---|---|---|---|---|---|---|---|---|
| Colon Classification (CC) | Ratan Tata Library | Ratan Tata Library | 2022-09-27 | Vol.1 | R17 F9/SC | RT1414682G | 2022-09-27 | 2022-09-27 | Reference |
